[Event "Titled Tuesday intern op 02nd Aug Late"]
[Site "Chess.com INT"]
[Date "2022.08.02"]
[Round "5"]
[White "Souza Santos, Carlos Roberto"]
[Black "Pham, Khoi"]
[Result "0-1"]
[WhiteElo "2051"]
[BlackElo "2317"]
[PlyCount "102"]
[EventDate "2022.08.02"]
[EventType "swiss (blitz)"]
[EventRounds "11"]
[EventCountry "USA"]
[SourceTitle "EXT 2023"]
[Source "ChessBase"]
[SourceDate "2022.10.05"]
[SourceVersion "1"]
[SourceVersionDate "2022.10.05"]
[SourceQuality "1"]

1. e4 c5 2. c3 e5 3. Nf3 Nc6 4. Be2 Nf6 5. d3 d6 6. 0-0 Be7 7. Re1 0-0 8. Nbd2 Ne8 9. Nc4 b5 10. Ne3 g6 11. d4 cxd4 12. cxd4 exd4 13. Nxd4 Nxd4 14. Qxd4 Bf6 15. Qd3 a6 16. Bf3 Bb7 17. Rd1 Bg7 18. Nd5 Nf6 19. Bg5 h6 20. Bxf6 Bxf6 21. Nxf6+ Qxf6 22. Qxd6 Qxb2 23. Qf4 Kg7 24. Rab1 Qxa2 25. Qe5+ Kh7 26. Rbc1 Rfe8 27. Qf4 Re7 28. h4 h5 29. Rd6 Rae8 30. Re1 Bxe4 31. Bxe4 Rxe4 32. Rxe4 Qb1+ 33. Kh2 Qxe4 34. Qxe4 Rxe4 35. Rxa6 Rxh4+ 36. Kg3 Rc4 37. Rb6 b4 38. f4 Kg7 39. Kf3 Rc3+ 40. Ke4 b3 41. g3 Rxg3 42. Rb5 h4 43. f5 g5 44. Ke5 h3 45. f6+ Kg6 46. Rb8 Re3+ 47. Kd4 Re6 48. Rxb3 g4 49. Rg3 Kg5 50. Kd3 h2 51. Rg2 h1Q 0-1

[Event "Titled Tuesday intern op 02nd Aug Late"]
[Site "Chess.com INT"]
[Date "2022.08.02"]
[Round "11"]
[White "Souza Santos, Carlos Roberto"]
[Black "Rama, Tejas"]
[Result "0-1"]
[WhiteElo "2051"]
[BlackElo "2014"]
[PlyCount "120"]
[EventDate "2022.08.02"]
[EventType "swiss (blitz)"]
[EventRounds "11"]
[EventCountry "USA"]
[SourceTitle "EXT 2023"]
[Source "ChessBase"]
[SourceDate "2022.10.05"]
[SourceVersion "1"]
[SourceVersionDate "2022.10.05"]
[SourceQuality "1"]

1. e4 e5 2. Nf3 Nc6 3. Bc4 Bc5 4. d3 d6 5. 0-0 h6 6. Nbd2 Nf6 7. c3 0-0 8. Bb3 Be6 9. Bc2 Re8 10. b4 Bb6 11. a4 a5 12. b5 Ne7 13. d4 Ng6 14. Re1 c6 15. Nf1 cxb5 16. axb5 Qc7 17. Bd2 exd4 18. cxd4 Bc4 19. Rc1 Qd7 20. Ng3 Qxb5 21. Ba4 Qa6 22. Bxe8 Rxe8 23. e5 dxe5 24. dxe5 Ng4 25. Be3 Nxe3 26. fxe3 Nxe5 27. Nd4 Nd3 28. Qc2 Nxe1 29. Qxc4 Qxc4 30. Rxc4 Rxe3 31. Kf2 Nc2 32. Rxc2 Bxd4 33. Ne2 Bb6 34. Ke1 Rb3 35. Kd2 a4 36. Ra2 a3 37. Kc2 Rb2+ 38. Rxb2 axb2 39. Kxb2 Kh7 40. Kc2 Kg6 41. Kd3 Kf5 42. Kc4 Bf2 43. Kb5 g5 44. Nc3 Bg1 45. Kc4 Bxh2 46. Kd3 b6 47. Ke2 Bd6 48. Kf3 Bc5 49. Nb5 g4+ 50. Ke2 Kg5 51. Kd3 f5 52. Ke2 h5 53. Kf1 h4 54. Ke2 Kf4 55. Nc3 Kg3 56. Nd5 Kxg2 57. Nf6 h3 58. Nh5 Bd6 59. Ng7 h2 60. Nxf5 Bf4 0-1

[Event "Titled Tuesday intern op 02nd Aug Late"]
[Site "Chess.com INT"]
[Date "2022.08.02"]
[Round "1"]
[White "Souza Santos, Carlos Roberto"]
[Black "Vagman, Roy"]
[Result "0-1"]
[WhiteElo "2051"]
[BlackElo "2180"]
[PlyCount "56"]
[EventDate "2022.08.02"]
[EventType "swiss (blitz)"]
[EventRounds "11"]
[EventCountry "USA"]
[SourceTitle "EXT 2023"]
[Source "ChessBase"]
[SourceDate "2022.10.05"]
[SourceVersion "1"]
[SourceVersionDate "2022.10.05"]
[SourceQuality "1"]

1. d4 Nf6 2. Nf3 c5 3. e3 cxd4 4. exd4 d5 5. c3 Nc6 6. Bd3 Bg4 7. 0-0 e6 8. Nbd2 Bd6 9. Re1 0-0 10. Nf1 Qc7 11. Ng3 a6 12. Bg5 Nd7 13. Qc2 g6 14. Nd2 b5 15. Rac1 Bf4 16. Bxf4 Qxf4 17. Ndf1 Bf5 18. Re3 Bxd3 19. Qxd3 Qf6 20. Rce1 Nb6 21. b3 Rac8 22. Rf3 Qg7 23. h4 h5 24. Nd2 b4 25. Qxa6 bxc3 26. Rxc3 Qxd4 27. Rec1 Nb4 28. Nf3 Qxc3 0-1

[Event "Titled Tuesday intern op 23rd June"]
[Site "Chess.com INT"]
[Date "2020.06.23"]
[Round "4"]
[White "Barchuk, Irina"]
[Black "Souza Santos, Carlos Roberto"]
[Result "1-0"]
[WhiteElo "2121"]
[BlackElo "2051"]
[PlyCount "49"]
[EventDate "2020.06.23"]
[EventType "swiss (blitz)"]
[EventRounds "10"]
[EventCountry "USA"]
[SourceTitle "CBM 197 Extra"]
[Source "ChessBase"]
[SourceDate "2020.09.30"]
[SourceVersion "1"]
[SourceVersionDate "2020.09.30"]
[SourceQuality "1"]

1. e4 e6 2. d4 d5 3. Nc3 Nf6 4. e5 Nfd7 5. f4 c5 6. Nf3 Nc6 7. Be3 cxd4 8. Nxd4 Bb4 9. Qd2 0-0 10. Bd3 Nxd4 11. Bxd4 f6 12. exf6 Nxf6 13. 0-0 Bd7 14. a3 Bd6 15. Rae1 Qe8 16. Bxf6 Rxf6 17. Nxd5 Rh6 18. Ne3 Bc6 19. Bxh7+ Rxh7 20. Qxd6 Qh5 21. Qxe6+ Kh8 22. h3 Re8 23. Qg4 Qc5 24. Qf5 Rh6 25. Qxc5 1-0

[Event "Titled Tuesday intern op 23rd June"]
[Site "Chess.com INT"]
[Date "2020.06.23"]
[Round "3"]
[White "Souza Santos, Carlos Roberto"]
[Black "Taras, Iulian Ioan"]
[Result "0-1"]
[WhiteElo "2051"]
[BlackElo "2224"]
[PlyCount "88"]
[EventDate "2020.06.23"]
[EventType "swiss (blitz)"]
[EventRounds "10"]
[EventCountry "USA"]
[SourceTitle "CBM 197 Extra"]
[Source "ChessBase"]
[SourceDate "2020.09.30"]
[SourceVersion "1"]
[SourceVersionDate "2020.09.30"]
[SourceQuality "1"]

1. d4 e6 2. Bf4 b6 3. e3 Bb7 4. Nf3 f5 5. c4 Nf6 6. Nc3 Bb4 7. Bd3 0-0 8. 0-0 Bxc3 9. bxc3 Ne4 10. Rc1 d6 11. Nd2 Nd7 12. f3 Nxd2 13. Qxd2 e5 14. Bg3 Qf6 15. Rce1 Rae8 16. Qf2 f4 17. dxe5 fxg3 18. exf6 gxf2+ 19. Rxf2 Rxf6 20. e4 Ne5 21. Bf1 Ba6 22. Rd2 Bxc4 23. Kf2 Bxf1 24. Kxf1 g5 25. Kg1 Kg7 26. Rf1 Ref8 27. Rdf2 h5 28. h3 a5 29. a3 Kg6 30. Kh2 Kg7 31. Kg3 Nd3 32. Rd2 Nc5 33. Rd5 Nxe4+ 34. Kh2 Kg6 35. Re1 Nc5 36. Re7 R6f7 37. Re3 a4 38. Re2 Rf5 39. Rd4 R8f7 40. Re8 Re5 41. Rg8+ Rg7 42. Rc8 Re2 43. Kg3 h4+ 44. Kg4 Rxg2# 0-1

[Event "Roraima zt"]
[Site "Boa Vista"]
[Date "2017.09.03"]
[Round "4"]
[White "Souza Santos, Carlos Roberto"]
[Black "Lima, Endson dos Santos"]
[Result "0-1"]
[WhiteElo "2074"]
[BlackElo "2092"]
[PlyCount "50"]
[EventDate "2017.09.01"]
[EventType "swiss"]
[EventRounds "5"]
[EventCountry "BRA"]
[SourceTitle "EXT 2019"]
[Source "ChessBase"]
[SourceDate "2018.10.10"]
[SourceVersion "1"]
[SourceVersionDate "2018.10.10"]
[SourceQuality "1"]

1. Nf3 Nf6 2. g3 b5 3. Bg2 Bb7 4. 0-0 e6 5. d3 c5 6. e4 Be7 7. Re1 0-0 8. Nbd2 d6 9. b3 Nbd7 10. Bb2 e5 11. Nf1 Re8 12. Ne3 Bf8 13. Qd2 g6 14. h3 a6 15. Re2 Bg7 16. Rf1 Qc7 17. Nh2 Nb6 18. c4 Nbd7 19. f4 Nh5 20. Qe1 exf4 21. gxf4 Bxb2 22. Rxb2 d5 23. Nxd5 Bxd5 24. cxd5 Nxf4 25. Qg3 Ne2+ 0-1

[Event "Manaus Taj Mahal op"]
[Site "Manaus"]
[Date "2012.09.16"]
[Round "6.12"]
[White "Silva, Leandro da Nobrega"]
[Black "Souza Santos, Carlos Roberto"]
[Result "0-1"]
[WhiteElo "1815"]
[BlackElo "1979"]
[PlyCount "44"]
[EventDate "2012.09.14"]
[EventType "swiss"]
[EventRounds "6"]
[EventCountry "BRA"]
[SourceTitle "EXT 2022"]
[Source "ChessBase"]
[SourceDate "2021.10.06"]
[SourceVersion "1"]
[SourceVersionDate "2021.10.06"]
[SourceQuality "1"]

1. Nf3 Nf6 2. g3 d5 3. d3 Bf5 4. Bg2 e6 5. Nbd2 Bc5 6. e3 Nbd7 7. b3 0-0 8. Bb2 Re8 9. c4 Bxd3 10. Qc1 Ne4 11. Nxe4 dxe4 12. Qc3 e5 13. Nxe5 Nxe5 14. Rd1 Qe7 15. a3 a5 16. b4 axb4 17. axb4 Bxb4 18. Qxb4 Qxb4+ 19. Rd2 Nxc4 20. Bc1 Ra1 21. f3 Rxc1+ 22. Kf2 Qxd2# 0-1

[Event "Manaus Taj Mahal op"]
[Site "Manaus"]
[Date "2012.09.14"]
[Round "1"]
[White "Souza Santos, Carlos Roberto"]
[Black "Jorge Duarte, Ruy Adriano de Arau"]
[Result "1-0"]
[WhiteElo "1979"]
[BlackElo "1785"]
[PlyCount "43"]
[EventDate "2012.09.14"]
[EventType "swiss"]
[EventRounds "6"]
[EventCountry "BRA"]
[SourceTitle "EXT 2013"]
[Source "ChessBase"]
[SourceDate "2012.11.22"]
[SourceVersion "1"]
[SourceVersionDate "2012.11.22"]
[SourceQuality "1"]

1. Nf3 Nc6 2. d4 d6 3. Bf4 e6 4. e3 a6 5. c4 Nf6 6. Bd3 Be7 7. Nc3 d5 8. a3 Bd6 9. Bg3 Be7 10. Qc2 h6 11. Bh4 g5 12. Bg3 Bd6 13. Ne5 Bxe5 14. dxe5 Nh5 15. Rd1 Nxg3 16. hxg3 Nxe5 17. cxd5 exd5 18. Bf5 c6 19. 0-0 Be6 20. f4 gxf4 21. Bxe6 fxe6 22. gxf4 1-0

[Event "Boa Vista Malaquias Memorial IRT"]
[Site "Boa Vista"]
[Date "2012.05.01"]
[Round "7.1"]
[White "Souza Santos, Carlos Roberto"]
[Black "Reis, Renan do Carmo"]
[Result "0-1"]
[WhiteElo "1971"]
[BlackElo "2289"]
[PlyCount "58"]
[EventDate "2012.04.27"]
[EventType "swiss"]
[EventRounds "7"]
[EventCountry "BRA"]
[SourceTitle "EXT 2022"]
[Source "ChessBase"]
[SourceDate "2021.10.06"]
[SourceVersion "1"]
[SourceVersionDate "2021.10.06"]
[SourceQuality "1"]

1. d4 f5 2. g3 Nf6 3. Bg2 g6 4. Nf3 Bg7 5. 0-0 0-0 6. c4 d6 7. Nc3 Nc6 8. d5 Na5 9. Nd2 c5 10. Qc2 a6 11. a3 Qc7 12. b3 Bd7 13. Bb2 b5 14. e3 bxc4 15. Nxc4 Nxc4 16. bxc4 Rab8 17. Rab1 Qa5 18. Qc1 Ng4 19. h3 Ne5 20. Nd1 Nd3 21. Qc2 Nxb2 22. Nxb2 Qxa3 23. Nd3 Qc3 24. Qxc3 Bxc3 25. Rfc1 Bf6 26. Rxb8 Rxb8 27. Rc2 a5 28. Ra2 a4 29. Nf4 Rb2 0-1

[Event "Boa Vista Malaquias Memorial IRT"]
[Site "Boa Vista"]
[Date "2012.04.30"]
[Round "6.4"]
[White "Souza Santos, Carlos Roberto"]
[Black "Lima, Endson dos Santos"]
[Result "1-0"]
[WhiteElo "1971"]
[BlackElo "2091"]
[PlyCount "65"]
[EventDate "2012.04.27"]
[EventType "swiss"]
[EventRounds "7"]
[EventCountry "BRA"]
[SourceTitle "EXT 2022"]
[Source "ChessBase"]
[SourceDate "2021.10.06"]
[SourceVersion "1"]
[SourceVersionDate "2021.10.06"]
[SourceQuality "1"]

1. d4 Nf6 2. g3 d5 3. Bg2 c6 4. Nf3 e6 5. 0-0 Nbd7 6. b3 Bd6 7. Bb2 0-0 8. c4 Qe7 9. Ne5 Re8 10. Nd2 c5 11. e3 Rd8 12. Qc2 Nf8 13. Rac1 cxd4 14. exd4 Bd7 15. Rfe1 Rac8 16. Qd3 Bc6 17. Nxc6 bxc6 18. c5 Bb8 19. b4 Qb7 20. Bc3 Ng6 21. Rb1 Re8 22. a4 e5 23. b5 exd4 24. Rxe8+ Rxe8 25. Bxd4 Be5 26. Nb3 Bxd4 27. Nxd4 Ne5 28. Qc2 cxb5 29. axb5 Qc7 30. Rc1 Nc4 31. Bxd5 Qxc5 32. Bc6 Re5 33. Nb3 1-0